[Event "zonal 1.3"]
[Site "Reykjavik ISL"]
[Date "1995.03.31"]
[Round "9"]
[White "Hector, Jonny"]
[Black "Gausel, Einar"]
[Result "1-0"]
[WhiteElo "2540"]
[BlackElo "2490"]
[EventDate "1995.03.21"]
[PlyCount "79"]

1.e4 c5 2.Nf3 d6 3.d4 cxd4 4.Nxd4 Nf6 5.Nc3 g6 6.Be3 Bg7 7.f3 Nc6 8.Bc4 
O-O 9.Qe2 Bd7 10.O-O-O Na5 11.Bb3 Nxb3+ 12.cxb3 Qa5 13.Kb1 Rfb8 14.g4 b5 
15.g5 Ne8 16.h4 e6 17.Qh2 b4 18.Nce2 Rb6 19.h5 Ra6 20.Nc1 Rc8 21.hxg6 hxg6
22.Nc2 Rac6 23.Rd2 Qc7 24.Nd3 a5 25.f4 Qb7 26.Bd4 e5 27.fxe5 dxe5 28.Nxe5 
Rxc2 29.Rxc2 Rxc2 30.Qxc2 Bb5 31.Ka1 Qe7 32.Qh2 Qd6 33.Qh7+ Kf8 34.Nd7+ 
Bxd7 35.Bxg7+ Nxg7 36.Qh8+ Ke7 37.Qxg7 Qf4 38.Qd4 Qxg5 39.e5 Bh3 40.Qc5+ 
1-0

[Event "zonal 1.3"]
[Site "Reykjavik ISL"]
[Date "1995.03.31"]
[Round "9"]
[White "Degerman, Lars"]
[Black "Mortensen, Erling"]
[Result "1-0"]
[WhiteElo "2490"]
[BlackElo "2500"]
[EventDate "1995.03.21"]
[PlyCount "87"]

1.d4 Nf6 2.c4 c5 3.d5 d6 4.Nc3 g6 5.e4 Bg7 6.Bg5 h6 7.Bf4 O-O 8.Qd2 g5 9.
Bg3 Nh5 10.Nge2 Nd7 11.h4 g4 12.f3 f5 13.exf5 Ndf6 14.Bf4 Kh7 15.Qc2 Kh8 
16.Bg5 gxf3 17.gxf3 b5 18.Bh3 bxc4 19.O-O-O Rb8 20.Qd2 Kh7 21.Rdg1 Bd7 22.
Nf4 Nxf4 23.Bxf4 Nh5 24.Rxg7+ Nxg7 25.Bxh6 Nxf5 26.Bxf8 Qxf8 27.Rg1 Qh6 
28.Rg5 Rf8 29.Bg4 Qf6 30.Ne4 Qe5 31.Rh5+ Kg8 32.Qg5+ Qg7 33.Qd2 Qe5 34.
Rg5+ Kh8 35.Rg6 Qd4 36.Rh6+ Nxh6 37.Qxh6+ Kg8 38.Bxd7 Qg1+ 39.Kc2 Qg2+ 40.
Nd2 Kf7 41.Qh7+ Kf6 42.Kc3 e6 43.Bxe6 Qe2 44.Qh6+ 1-0

[Event "zonal 1.3"]
[Site "Reykjavik ISL"]
[Date "1995.03.31"]
[Round "9"]
[White "Tisdall, Jonathan"]
[Black "Djurhuus, Rune"]
[Result "1-0"]
[WhiteElo "2470"]
[BlackElo "2495"]
[EventDate "1995.03.21"]
[PlyCount "79"]

1.d4 Nf6 2.c4 g6 3.Nc3 Bg7 4.e4 d6 5.Nf3 O-O 6.Be2 e5 7.Be3 Nbd7 8.O-O h6 
9.h3 exd4 10.Bxd4 Re8 11.Qc2 Qe7 12.Rfe1 c5 13.Be3 Nxe4 14.Nxe4 Qxe4 15.
Bd3 Qe7 16.Bxh6 Ne5 17.Nxe5 Bxh6 18.Nf3 Be6 19.Bxg6 Qf6 20.Be4 Rab8 21.
Rad1 Red8 22.Bd5 b5 23.cxb5 Bxd5 24.Rxd5 Rxb5 25.b3 Rb4 26.Qd3 a5 27.Rd1 
a4 28.Rxc5 axb3 29.Rf5 Qe6 30.Ng5 Bxg5 31.Rxg5+ Kf8 32.axb3 Rxb3 33.Qd4 
Rb7 34.Rd5 Rbd7 35.Qh8+ Ke7 36.Qh4+ Ke8 37.Rh5 f6 38.Rh8+ Ke7 39.Qh7+ Qf7 
40.Re1# 1-0

[Event "zonal 1.3"]
[Site "Reykjavik ISL"]
[Date "1995.03.31"]
[Round "9"]
[White "Ernst, Thomas"]
[Black "Manninen, Marko"]
[Result "1-0"]
[WhiteElo "2465"]
[BlackElo "2365"]
[EventDate "1995.03.21"]
[PlyCount "69"]

1.e4 e6 2.d4 d5 3.Nc3 Nf6 4.e5 Nfd7 5.f4 c5 6.Nf3 Nc6 7.Be3 cxd4 8.Nxd4 
Qb6 9.Qd2 Qxb2 10.Rb1 Qa3 11.Bb5 Nxd4 12.Bxd4 Bb4 13.O-O a6 14.Rb3 Qa5 15.
Rfb1 Ba3 16.Bxd7+ Bxd7 17.Kh1 Bc5 18.Rxb7 Rc8 19.Bxc5 Rxc5 20.R1b3 Bc8 21.
R7b4 Qc7 22.h3 O-O 23.Qe3 Rc4 24.Rxc4 Qxc4 25.Qd2 Bd7 26.Ne2 Bb5 27.Nd4 g6
28.Kh2 Rc8 29.Rg3 Bd7 30.a3 Kg7 31.Rb3 Bb5 32.f5 Qc7 33.f6+ Kh8 34.Nf3 Rg8
35.Qh6 1-0

[Event "zonal 1.3"]
[Site "Reykjavik ISL"]
[Date "1995.03.31"]
[Round "9"]
[White "Sammalvuo, Tapani"]
[Black "Torhallsson, Trostur"]
[Result "0-1"]
[WhiteElo "2390"]
[BlackElo "2420"]
[EventDate "1995.03.21"]
[PlyCount "82"]

1.e4 c5 2.Nf3 Nc6 3.d4 cxd4 4.Nxd4 Nf6 5.Nc3 d6 6.Bg5 Bd7 7.Qd2 Rc8 8.
O-O-O h6 9.Bxf6 gxf6 10.Nf5 Qa5 11.Qd5 Qb6 12.Qd2 Qa5 13.Qe3 h5 14.Kb1 
Bxf5 15.Rd5 Bh6 16.f4 Qb6 17.Qxb6 axb6 18.Rxf5 h4 19.Rh5 Bg7 20.Rxh8+ Bxh8
21.Nd5 e6 22.Nxb6 Rd8 23.Bb5 Ke7 24.c3 Na7 25.Be2 Bg7 26.a4 Bh6 27.Rf1 Nc8
28.Nc4 d5 29.exd5 Rxd5 30.Ne3 Ra5 31.Bd1 Rc5 32.Kc2 Nd6 33.b4 Rc7 34.Kd3 
f5 35.Be2 Ne4 36.Nc4 Bg7 37.Kc2 Nxc3 38.Bd3 Nxa4 39.Kb3 b5 40.Ne5 Bxe5 41.
Bxb5 Nc3 0-1

[Event "zonal 1.3"]
[Site "Reykjavik ISL"]
[Date "1995.04.01"]
[Round "10"]
[White "Petursson, Margeir"]
[Black "Hjartarson, Johann"]
[Result "1/2-1/2"]
[WhiteElo "2535"]
[BlackElo "2590"]
[EventDate "1995.03.21"]
[PlyCount "96"]

1.d4 Nf6 2.c4 e6 3.Nf3 b6 4.g3 Bb7 5.Bg2 Be7 6.Nc3 Ne4 7.Bd2 Bf6 8.Qc2 
Nxd2 9.Qxd2 d6 10.d5 O-O 11.Nd4 Bxd4 12.Qxd4 e5 13.Qd2 f5 14.O-O f4 15.
gxf4 exf4 16.Kh1 Nd7 17.Bh3 Ne5 18.b3 Qh4 19.Be6+ Kh8 20.f3 Rae8 21.Rg1 
Rf6 22.Rg2 Rh6 23.Qd4 a6 24.Ne4 Re7 25.Rag1 Bc6 26.Qf2 Qxf2 27.Rxf2 a5 28.
Rg5 Bd7 29.Bxd7 Rxd7 30.Rf5 Rf7 31.Rxf7 Nxf7 32.Rg2 Rh5 33.Nc3 Re5 34.Nb5 
Re7 35.Nd4 Re3 36.Kg1 a4 37.Kf2 g5 38.h4 h6 39.hxg5 hxg5 40.Rg1 Kh7 41.Ke1
Kg6 42.Kd2 Kf6 43.Rh1 axb3 44.axb3 Ke5 45.Nc6+ Kf6 46.Nd4 Ke5 47.Nc6+ Kf6 
48.Nd4 Ke5 1/2-1/2

[Event "zonal 1.3"]
[Site "Reykjavik ISL"]
[Date "1995.04.01"]
[Round "10"]
[White "Mortensen, Erling"]
[Black "Agdestein, Simen"]
[Result "0-1"]
[WhiteElo "2500"]
[BlackElo "2600"]
[EventDate "1995.03.21"]
[PlyCount "80"]

1.e4 Nf6 2.e5 Nd5 3.d4 d6 4.c4 Nb6 5.exd6 exd6 6.Nc3 Be7 7.Nf3 O-O 8.Be2 
Bg4 9.O-O c6 10.b3 Re8 11.h3 Bh5 12.Bf4 a5 13.Re1 Na6 14.Bf1 Nc7 15.Rc1 
Ne6 16.Be3 d5 17.c5 Nd7 18.Na4 f5 19.Be2 Qc7 20.Ng5 Bxg5 21.Bxh5 g6 22.
Bxg5 Nxg5 23.Be2 Qf4 24.Bf1 Rxe1 25.Qxe1 Qxd4 26.Qe7 Nf6 27.Qxb7 Rf8 28.
Qc7 f4 29.Qxa5 f3 30.Qc3 Qh4 31.Rc2 Nh5 32.Kh2 fxg2 33.Bxg2 Rxf2 34.Rxf2 
Qxf2 35.Nb6 d4 36.Qc4+ Kg7 37.Qf1 Qg3+ 38.Kh1 Nf4 39.Nd7 d3 40.Bxc6 Ngxh3 
0-1

[Event "zonal 1.3"]
[Site "Reykjavik ISL"]
[Date "1995.04.01"]
[Round "10"]
[White "Hansen, Lars Bo"]
[Black "Cramling, Pia"]
[Result "1-0"]
[WhiteElo "2580"]
[BlackElo "2520"]
[EventDate "1995.03.21"]
[PlyCount "65"]

1.d4 Nf6 2.c4 c5 3.d5 b5 4.cxb5 a6 5.e3 g6 6.Nc3 Bg7 7.a4 O-O 8.Nf3 Bb7 9.
Rb1 e6 10.dxe6 fxe6 11.Be2 axb5 12.axb5 d5 13.O-O Nbd7 14.b4 c4 15.Nd4 Qe8
16.e4 Kh8 17.Nc6 Nxe4 18.Nxe4 dxe4 19.Bxc4 Ne5 20.Nxe5 Bxe5 21.Bb2 Bxb2 
22.Rxb2 Qe7 23.Qb3 Rad8 24.Ra2 Bd5 25.b6 Qf6 26.Bxd5 exd5 27.Qe3 Rfe8 28.
Qc5 d4 29.Ra7 Qe5 30.Qc7 Qxc7 31.bxc7 Rc8 32.b5 Re6 33.Rb7 1-0

[Event "zonal 1.3"]
[Site "Reykjavik ISL"]
[Date "1995.04.01"]
[Round "10"]
[White "Hansen, Curt"]
[Black "Tisdall, Jonathan"]
[Result "1/2-1/2"]
[WhiteElo "2630"]
[BlackElo "2470"]
[EventDate "1995.03.21"]
[PlyCount "61"]

1.c4 c6 2.Nc3 d5 3.d4 Nf6 4.Nf3 e6 5.Bg5 dxc4 6.a4 Bb4 7.e4 c5 8.Bxc4 cxd4
9.Bb5+ Nc6 10.Nxd4 Bd7 11.O-O h6 12.Be3 O-O 13.f3 Ne5 14.Nc2 Bxc3 15.bxc3 
Qc7 16.Bd4 Rfd8 17.Ne3 a6 18.Be2 Bc6 19.Qb3 Ng6 20.Bb6 Qf4 21.g3 Qg5 22.f4
Nxf4 23.Rxf4 Nxe4 24.Nf1 Qe5 25.Bf3 Nxc3 26.Bxd8 Rxd8 27.Rc1 Rd3 28.Qc4 
Rxf3 29.Rxf3 Ne2+ 30.Kf2 Nxc1 31.Qxc1 1/2-1/2

[Event "zonal 1.3"]
[Site "Reykjavik ISL"]
[Date "1995.04.01"]
[Round "10"]
[White "Hector, Jonny"]
[Black "Olafsson, Helgi"]
[Result "0-1"]
[WhiteElo "2540"]
[BlackElo "2520"]
[EventDate "1995.03.21"]
[PlyCount "48"]

1.e4 c5 2.Nf3 d6 3.d4 cxd4 4.Nxd4 Nf6 5.Nc3 a6 6.Bg5 e6 7.f4 Qb6 8.Bxf6 
gxf6 9.Be2 Qxb2 10.Na4 Qa3 11.c3 Nd7 12.O-O b5 13.Bh5 bxa4 14.Bxf7+ Ke7 
15.Nc6+ Kxf7 16.Qh5+ Kg7 17.Nd4 Rg8 18.Nxe6+ Kh8 19.Rf2 Qxc3 20.Raf1 Nc5 
21.Rf3 Qc2 22.Ng5 fxg5 23.fxg5 Ne6 24.Rf7 Nxg5 0-1

[Event "zonal 1.3"]
[Site "Reykjavik ISL"]
[Date "1995.04.01"]
[Round "10"]
[White "Ernst, Thomas"]
[Black "Stefansson, Hannes Hlifar"]
[Result "1-0"]
[WhiteElo "2465"]
[BlackElo "2530"]
[EventDate "1995.03.21"]
[PlyCount "94"]

1.e4 c5 2.Nf3 d6 3.d4 cxd4 4.Nxd4 Nf6 5.Nc3 Nc6 6.Bg5 e6 7.Qd2 a6 8.O-O-O 
h6 9.Bf4 Bd7 10.Nxc6 Bxc6 11.f3 d5 12.Qe1 Bb4 13.a3 Ba5 14.exd5 Nxd5 15.b4
Nxf4 16.Rxd8+ Bxd8 17.h4 O-O 18.Qe3 Bc7 19.Kb1 Rfd8 20.g4 Rd7 21.Be2 Rad8 
22.Rd1 Nxe2 23.Qxe2 Rxd1+ 24.Nxd1 Rd4 25.Nf2 Rf4 26.Ne4 h5 27.Ng5 Bd5 28.
Qe3 b6 29.Qd3 Kf8 30.Qxa6 Ke7 31.Qa7 Kd7 32.gxh5 f6 33.Ne4 Rxf3 34.Nd2 Rf2
35.Nb3 e5 36.Qa4+ Kd8 37.Nc1 f5 38.Nd3 Rf1+ 39.Kb2 Bc4 40.Qc6 Bxd3 41.cxd3
e4 42.dxe4 f4 43.Qd5+ Kc8 44.e5 Kb8 45.e6 Re1 46.Qd7 Be5+ 47.Kb3 Bf6 1-0

[Event "zonal 1.3"]
[Site "Reykjavik ISL"]
[Date "1995.04.01"]
[Round "10"]
[White "Akesson, Ralf"]
[Black "Gausel, Einar"]
[Result "1-0"]
[WhiteElo "2500"]
[BlackElo "2490"]
[EventDate "1995.03.21"]
[PlyCount "97"]

1.Nf3 d5 2.d4 Nf6 3.c4 e6 4.g3 Bb4+ 5.Bd2 a5 6.Qc2 Nc6 7.Bg2 dxc4 8.Qxc4 
Qd5 9.Qd3 Qe4 10.Qxe4 Nxe4 11.e3 Bd7 12.O-O Ke7 13.Rc1 f6 14.Be1 Nd6 15.a3
Bxe1 16.Nxe1 a4 17.Nd3 Rhc8 18.Nd2 Na5 19.Rc2 Ra7 20.Rac1 b6 21.Nb4 g5 22.
f4 g4 23.Kf2 Be8 24.h3 gxh3 25.Bxh3 c5 26.dxc5 Rxc5 27.Rxc5 bxc5 28.Rxc5 
Nb3 29.Nxb3 axb3 30.Rc1 Ne4+ 31.Kf3 f5 32.g4 Nd6 33.Rc3 fxg4+ 34.Bxg4 h5 
35.Bh3 h4 36.Rxb3 Kf6 37.Rd3 Bh5+ 38.Bg4 Bxg4+ 39.Kxg4 Rg7+ 40.Kxh4 Ne4 
41.Rd8 Nf2 42.Nd3 Ng4 43.e4 Ne3 44.Kh3 Rg2 45.Rd7 Rg4 46.a4 e5 47.Rf7+ Ke6
48.f5+ Kd6 49.Rd7+ 1-0

[Event "zonal 1.3"]
[Site "Reykjavik ISL"]
[Date "1995.04.01"]
[Round "10"]
[White "Djurhuus, Rune"]
[Black "Degerman, Lars"]
[Result "1-0"]
[WhiteElo "2495"]
[BlackElo "2490"]
[EventDate "1995.03.21"]
[PlyCount "63"]

1.d4 d5 2.c4 dxc4 3.Nf3 Nf6 4.e3 e6 5.Bxc4 c5 6.O-O a6 7.Qe2 Nbd7 8.Bb3 b5
9.a4 Bb7 10.axb5 axb5 11.Rxa8 Qxa8 12.Nc3 b4 13.Nb5 Bxf3 14.gxf3 Qb8 15.f4
Be7 16.e4 Nb6 17.d5 c4 18.Bxc4 exd5 19.exd5 Nxc4 20.Qxc4 O-O 21.Nd4 Bd6 
22.Be3 Re8 23.Nf5 g6 24.Nh6+ Kg7 25.Bd4 Kxh6 26.Bxf6 Bxf4 27.Qd4 Qd6 28.
Rc1 Kh5 29.Rc6 Bxh2+ 30.Kg2 Qf4 31.Qxf4 Bxf4 32.d6 1-0

[Event "zonal 1.3"]
[Site "Reykjavik ISL"]
[Date "1995.04.01"]
[Round "10"]
[White "Torhallsson, Trostur"]
[Black "Hansen, Sune Berg"]
[Result "1/2-1/2"]
[WhiteElo "2420"]
[BlackElo "2460"]
[EventDate "1995.03.21"]
[PlyCount "84"]

1.e4 c5 2.c3 e6 3.d4 d5 4.e5 Nc6 5.Nf3 Qb6 6.a3 Nh6 7.Bd3 cxd4 8.cxd4 Nf5 
9.Bxf5 exf5 10.Nc3 Be6 11.O-O Be7 12.b4 O-O 13.Na4 Qd8 14.Nc5 b6 15.Nxe6 
fxe6 16.Bd2 a6 17.Rc1 Qd7 18.Bg5 Rfc8 19.Qd3 Bxg5 20.Nxg5 h6 21.Nf3 Ne7 
22.Nd2 Qb5 23.Qb3 Rc6 24.a4 Qe2 25.Qe3 Qxe3 26.fxe3 Rac8 27.Rxc6 Rxc6 28.
Rb1 Rc3 29.Kf2 Ra3 30.a5 bxa5 31.bxa5 Rxa5 32.Rb7 Kf7 33.Kf3 g5 34.Ra7 Ra3
35.Rb7 a5 36.Nb1 Ra4 37.Nc3 Rb4 38.Nb5 Kf8 39.Rb8+ Kg7 40.Rb7 Kf8 41.Rb8+ 
Kg7 42.Rb7 Kf8 1/2-1/2

[Event "zonal 1.3"]
[Site "Reykjavik ISL"]
[Date "1995.04.02"]
[Round "11"]
[White "Agdestein, Simen"]
[Black "Hjartarson, Johann"]
[Result "0-1"]
[WhiteElo "2600"]
[BlackElo "2590"]
[EventDate "1995.03.21"]
[PlyCount "88"]

1.c4 c5 2.Nc3 g6 3.e4 Bg7 4.d3 Nc6 5.g4 d6 6.Bg2 a6 7.a4 e6 8.Nge2 Nge7 9.
O-O O-O 10.g5 Rb8 11.Kh1 Bd7 12.f4 Nd4 13.Nxd4 Bxd4 14.Rf3 Bc6 15.Rh3 f5 
16.gxf6 Bxf6 17.Qg4 Qd7 18.Rf3 Kh8 19.Bd2 Rg8 20.a5 Rg7 21.Re1 Bd4 22.h4 
Ng8 23.Bh3 Re8 24.Kh2 Qd8 25.Nd1 Bf6 26.Bc3 Bxc3 27.Nxc3 Qxa5 28.Qg5 Qc7 
29.h5 gxh5 30.Qxh5 Nf6 31.Qh4 Qe7 32.Rg3 Rxg3 33.Qxg3 Rg8 34.Qf3 Ng4+ 35.
Kh1 Qh4 36.Re2 Nf2+ 37.Rxf2 Rg3 38.Qe2 Rxh3+ 39.Rh2 Qg3 40.Rxh3 Qxh3+ 41.
Qh2 Qf1+ 42.Qg1 Qxf4 43.Qg2 Qh6+ 44.Kg1 Qg7 0-1

[Event "zonal 1.3"]
[Site "Reykjavik ISL"]
[Date "1995.04.02"]
[Round "11"]
[White "Olafsson, Helgi"]
[Black "Hansen, Curt"]
[Result "1-0"]
[WhiteElo "2520"]
[BlackElo "2630"]
[EventDate "1995.03.21"]
[PlyCount "79"]

1.e4 e6 2.d4 d5 3.Nd2 c5 4.exd5 Qxd5 5.Ngf3 cxd4 6.Bc4 Qd6 7.O-O Nf6 8.Nb3
Nc6 9.Nbxd4 Nxd4 10.Nxd4 a6 11.c3 Qc7 12.Qe2 Bd6 13.Nf5 Bxh2+ 14.Kh1 Bf4 
15.Nxg7+ Kf8 16.Qf3 e5 17.Bxf4 exf4 18.Nh5 Nxh5 19.Qxh5 Qxc4 20.Qh6+ Ke8 
21.Qg7 Rf8 22.Rad1 Be6 23.Rfe1 Qb5 24.Rd6 Qh5+ 25.Kg1 Qg6 26.Rexe6+ Qxe6 
27.Rxe6+ fxe6 28.Qxb7 Rd8 29.Qxa6 Rf6 30.Kf1 f3 31.gxf3 Rd5 32.c4 Rdf5 33.
Qc8+ Kf7 34.Ke2 h5 35.b4 h4 36.b5 Rh6 37.b6 h3 38.b7 h2 39.b8=Q h1=Q 40.
Qg3 1-0

[Event "zonal 1.3"]
[Site "Reykjavik ISL"]
[Date "1995.04.02"]
[Round "11"]
[White "Hansen, Lars Bo"]
[Black "Petursson, Margeir"]
[Result "1/2-1/2"]
[WhiteElo "2580"]
[BlackElo "2535"]
[EventDate "1995.03.21"]
[PlyCount "50"]

1.d4 Nf6 2.c4 e6 3.Nc3 Bb4 4.Qc2 d5 5.cxd5 Qxd5 6.e3 c5 7.a3 cxd4 8.axb4 
dxc3 9.bxc3 O-O 10.Nf3 b6 11.c4 Qd6 12.Ba3 Qc7 13.Be2 Bb7 14.b5 Rd8 15.c5 
bxc5 16.Qxc5 Qa5+ 17.Qb4 Qxb4+ 18.Bxb4 a6 19.Be7 Rc8 20.Bxf6 gxf6 21.O-O 
axb5 22.Rxa8 Bxa8 23.Bxb5 Bxf3 24.gxf3 Nc6 25.Bxc6 Rxc6 1/2-1/2

[Event "zonal 1.3"]
[Site "Reykjavik ISL"]
[Date "1995.04.02"]
[Round "11"]
[White "Degerman, Lars"]
[Black "Hector, Jonny"]
[Result "1/2-1/2"]
[WhiteElo "2490"]
[BlackElo "2540"]
[EventDate "1995.03.21"]
[PlyCount "94"]

1.c4 Nf6 2.Nc3 e5 3.Nf3 Nc6 4.g3 d5 5.cxd5 Nxd5 6.Bg2 Nb6 7.O-O Be7 8.Rb1 
g5 9.d3 g4 10.Nd2 Be6 11.b4 Nd5 12.Nxd5 Bxd5 13.Bxd5 Qxd5 14.b5 Nd4 15.Bb2
h5 16.Bxd4 exd4 17.Qb3 O-O-O 18.Qxd5 Rxd5 19.f3 Bg5 20.Nc4 f5 21.a4 Kd7 
22.Kg2 b6 23.f4 Bf6 24.Rfc1 Ra8 25.Rh1 a6 26.Rb2 axb5 27.axb5 h4 28.h3 Rg8
29.gxh4 Bxh4 30.Ne5+ Rxe5 31.fxe5 Ke6 32.Rc2 gxh3+ 33.Kxh3 Bd8 34.Rh2 Kxe5
35.Rg2 Rh8+ 36.Kg3 Rh7 37.Rh2 Rd7 38.Kf3 Rd5 39.Rh8 Ke6 40.Rc4 Kd7 41.Rh7+
Be7 42.Kf4 Ke6 43.Rxe7+ Kxe7 44.Rxc7+ Ke8 45.Rc6 Rxb5 46.Rd6 Rb2 47.Rxd4 
Rxe2 1/2-1/2

[Event "zonal 1.3"]
[Site "Reykjavik ISL"]
[Date "1995.04.02"]
[Round "11"]
[White "Tisdall, Jonathan"]
[Black "Cramling, Pia"]
[Result "1/2-1/2"]
[WhiteElo "2470"]
[BlackElo "2520"]
[EventDate "1995.03.21"]
[PlyCount "64"]

1.Nf3 Nf6 2.c4 g6 3.Nc3 Bg7 4.d4 O-O 5.e4 d6 6.Be2 e5 7.Be3 Na6 8.O-O Ng4 
9.Bg5 Qe8 10.h3 h6 11.Bc1 Nf6 12.dxe5 dxe5 13.Be3 Nh5 14.c5 Nf4 15.Bxa6 
bxa6 16.Bxf4 exf4 17.Qd2 g5 18.Rfe1 Rb8 19.Rac1 Be6 20.Nd4 Qd7 21.e5 Rfd8 
22.Rcd1 Rb4 23.Qe2 Rxd4 24.Rxd4 Qxd4 25.Rd1 Bxe5 26.Rxd4 Bxd4 27.Ne4 Bf5 
28.c6 Kf8 29.Nc3 Re8 30.Qd2 Rd8 31.Qe2 Re8 32.Qd2 Rd8 1/2-1/2

[Event "zonal 1.3"]
[Site "Reykjavik ISL"]
[Date "1995.04.02"]
[Round "11"]
[White "Mortensen, Erling"]
[Black "Ernst, Thomas"]
[Result "1/2-1/2"]
[WhiteElo "2500"]
[BlackElo "2465"]
[EventDate "1995.03.21"]
[PlyCount "85"]

1.e4 e5 2.Nf3 Nc6 3.Bb5 a6 4.Ba4 Nf6 5.O-O Nxe4 6.d4 b5 7.Bb3 d5 8.dxe5 
Be6 9.c3 Bc5 10.Qd3 O-O 11.Nbd2 f5 12.exf6 Nxf6 13.a4 Rb8 14.axb5 axb5 15.
Ng5 Ne5 16.Qg3 Qd6 17.Ndf3 Nxf3+ 18.gxf3 Bf5 19.Qxd6 Bxd6 20.Ne4 b4 21.
Nxf6+ Rxf6 22.Bxd5+ Be6 23.Bxe6+ Rxe6 24.Be3 bxc3 25.bxc3 Rf8 26.Ra4 Rxf3 
27.Kg2 Rf5 28.h3 h5 29.Rd1 Rg6+ 30.Kf1 Rg3 31.Ke2 Rxh3 32.Re4 Bc5 33.Rd7 
Bxe3 34.fxe3 Rh2+ 35.Kd3 h4 36.Rxc7 h3 37.Rh4 Rh1 38.Ke4 Rf2 39.Rg4 Rf7 
40.Rc8+ Rf8 41.Rc7 Rf7 42.Rc8+ Rf8 43.Rc7 1/2-1/2

[Event "zonal 1.3"]
[Site "Reykjavik ISL"]
[Date "1995.04.02"]
[Round "11"]
[White "Hansen, Sune Berg"]
[Black "Akesson, Ralf"]
[Result "1-0"]
[WhiteElo "2460"]
[BlackElo "2500"]
[EventDate "1995.03.21"]
[PlyCount "69"]

1.e4 c5 2.Nf3 e6 3.d3 Nc6 4.g3 d5 5.Nbd2 Nf6 6.Bg2 Be7 7.O-O b6 8.Re1 Bb7 
9.Qe2 Qc7 10.c3 h6 11.a3 O-O-O 12.b4 dxe4 13.dxe4 Nd7 14.e5 g5 15.Nc4 Ncb8
16.b5 Nf8 17.a4 Bd5 18.a5 Ng6 19.axb6 axb6 20.Nd6+ Bxd6 21.exd6 Qxd6 22.c4
Bb7 23.Bb2 Rhg8 24.Ne5 Bxg2 25.Kxg2 Qc7 26.Qf3 g4 27.Qxf7 Qxf7 28.Nxf7 Rd2
29.Bc3 Rc2 30.Red1 Rf8 31.Nd6+ Kd8 32.Ne4+ Nd7 33.Ra7 Rf7 34.Bf6+ Kc8 35.
Nd6+ 1-0

[Event "zonal 1.3"]
[Site "Reykjavik ISL"]
[Date "1995.04.02"]
[Round "11"]
[White "Djurhuus, Rune"]
[Black "Torhallsson, Trostur"]
[Result "1-0"]
[WhiteElo "2495"]
[BlackElo "2420"]
[EventDate "1995.03.21"]
[PlyCount "91"]

1.d4 d5 2.c4 dxc4 3.Nf3 Nf6 4.e3 c5 5.Bxc4 e6 6.O-O a6 7.Qe2 b5 8.Bb3 Bb7 
9.a4 b4 10.Rd1 Nc6 11.Nbd2 Na5 12.Bc2 Rc8 13.Bd3 Qb6 14.Nc4 Nxc4 15.Bxc4 
Bd6 16.e4 Bxe4 17.d5 e5 18.a5 Qc7 19.Bxa6 Ra8 20.Bb5+ Kf8 21.a6 Bxd5 22.
Bg5 Be6 23.Nd2 Be7 24.Nc4 h6 25.Bh4 Nd5 26.Bxe7+ Nxe7 27.Nxe5 g6 28.Rd7 
Bxd7 29.Nxd7+ Kg7 30.Qxe7 Rhe8 31.Qxc5 Qxc5 32.Nxc5 Re5 33.Bc6 Ra7 34.Nd3 
Re2 35.Kf1 Rd2 36.Bb5 b3 37.g3 h5 38.h4 f6 39.Ra3 g5 40.Rxb3 g4 41.Bc4 Kh6
42.Rb7 Ra8 43.Nf4 Re8 44.Ne6 f5 45.a7 f4 46.gxf4 1-0

[Event "zonal 1.3"]
[Site "Reykjavik ISL"]
[Date "1995.04.02"]
[Round "11"]
[White "Stefansson, Hannes Hlifar"]
[Black "Manninen, Marko"]
[Result "0-1"]
[WhiteElo "2530"]
[BlackElo "2365"]
[EventDate "1995.03.21"]
[PlyCount "58"]

1.e4 e6 2.d4 d5 3.Nc3 Nf6 4.Bg5 dxe4 5.Nxe4 Nbd7 6.Nxf6+ Nxf6 7.Bd3 c5 8.
dxc5 Qa5+ 9.c3 Qxc5 10.Nf3 h6 11.Bh4 Bd6 12.O-O Bd7 13.Re1 O-O-O 14.Qe2 
Qh5 15.Bxf6 gxf6 16.Rad1 Bc6 17.Kf1 Bxh2 18.Be4 Bxe4 19.Qxe4 Bc7 20.Rxd8+ 
Rxd8 21.Kg1 Rg8 22.Re3 f5 23.Qc4 Qg4 24.Qxg4 fxg4 25.Nd4 Bb6 26.Kh2 e5 27.
Nf5 Bxe3 28.Ne7+ Kd7 29.Nxg8 Bf4+ 0-1

[Event "zonal 1.3"]
[Site "Reykjavik ISL"]
[Date "1995.04.02"]
[Round "11"]
[White "Gausel, Einar"]
[Black "Sammalvuo, Tapani"]
[Result "1-0"]
[WhiteElo "2490"]
[BlackElo "2390"]
[EventDate "1995.03.21"]
[PlyCount "105"]

1.g3 e5 2.Bg2 Nf6 3.d3 Nc6 4.Nf3 d5 5.O-O Be7 6.a3 a5 7.b3 O-O 8.e3 Bc5 9.
Nbd2 Qe7 10.Bb2 Rd8 11.Qb1 h6 12.c4 d4 13.exd4 exd4 14.Re1 Qd6 15.h3 Bf5 
16.Nh4 Bh7 17.Ne4 Nxe4 18.Bxe4 Bxe4 19.Rxe4 Qd7 20.Qf1 Re8 21.Rae1 Be7 22.
Qe2 Kf8 23.Qh5 Bxh4 24.Qxh4 Rxe4 25.Rxe4 Re8 26.Rxe8+ Kxe8 27.Qf4 Ke7 28.
b4 axb4 29.axb4 Qd6 30.b5 Qxf4 31.gxf4 Nd8 32.Bxd4 Ne6 33.Be3 f5 34.Kf1 
Kd6 35.Ke2 c6 36.bxc6 bxc6 37.d4 Kd7 38.Kd3 Kd6 39.Bc1 g6 40.Ke3 c5 41.d5 
Nd8 42.Ba3 Nb7 43.Bb2 Kc7 44.Bg7 Kd7 45.Bxh6 Nd6 46.Kd3 Ke7 47.Bg7 Nb7 48.
Be5 Kd7 49.Bb8 Na5 50.Kc3 Kc8 51.Ba7 Nb7 52.Bb6 Kd7 53.Kb3 1-0